Juan Diego : (Registro nro. 26472)
[ vista simple ]
| 000 -LEADER | |
|---|---|
| fixed length control field | 01202cam a2200325 i 4500 |
| 001 - CONTROL NUMBER | |
| control field | 26472 |
| 003 - CONTROL NUMBER IDENTIFIER | |
| control field | Mx-PuUPA |
| 005 - DATE AND TIME OF LATEST TRANSACTION | |
| control field | 20260314095506.0 |
| 008 - FIXED-LENGTH DATA ELEMENTS--GENERAL INFORMATION | |
| fixed length control field | 140415s2002 mx a gr 000 0 spa d |
| 020 ## - INTERNATIONAL STANDARD BOOK NUMBER | |
| International Standard Book Number | 96865100 |
| 040 ## - CATALOGING SOURCE | |
| Transcribing agency | Mx-PuUPA |
| Original cataloging agency | Mx-PuUPA |
| Language of cataloging | spa |
| Modifying agency | Mx-PuUPA |
| Description conventions | rda |
| 041 0# - LANGUAGE CODE | |
| Language code of text/sound track or separate title | spa |
| 043 ## - GEOGRAPHIC AREA CODE | |
| Geographic area code | n-mx--- |
| 100 1# - MAIN ENTRY--PERSONAL NAME | |
| Personal name | Escalada, Xavier, |
| Dates associated with a name | murió 2006?, |
| Relator term | autor |
| 9 (RLIN) | 6467 |
| 245 10 - TITLE STATEMENT | |
| Title | Juan Diego : |
| Remainder of title | arte y espíritu / |
| Statement of responsibility, etc. | dirección y textos, Xavier Escalada |
| 264 #3 - PRODUCTION, PUBLICATION, DISTRIBUTION, MANUFACTURE, AND COPYRIGHT NOTICE | |
| Place of production, publication, distribution, manufacture | México, D.F. : |
| Name of producer, publisher, distributor, manufacturer | Enciclopedia Guadalupana, |
| Date of production, publication, distribution, manufacture, or copyright notice | 2002 |
| 300 ## - PHYSICAL DESCRIPTION | |
| Extent | 177 páginas : |
| Other physical details | ilustraciones (en color) ; |
| Dimensions | 31 cm |
| 336 ## - CONTENT TYPE | |
| Fuente | rdacontent |
| Content type term | texto |
| Content type code | txt |
| 337 ## - MEDIA TYPE | |
| Source | rdamedia |
| Media type term | sin medio |
| Media type code | n |
| 338 ## - CARRIER TYPE | |
| Source | rdacarrier |
| Carrier type term | volumen |
| Carrier type code | nc |
| 600 04 - SUBJECT ADDED ENTRY--PERSONAL NAME | |
| Personal name | Juan Diego, |
| Dates associated with a name | 1474 - 1548 |
| General subdivision | Arte |
| 600 04 - SUBJECT ADDED ENTRY--PERSONAL NAME | |
| Personal name | Juan Diego, |
| Dates associated with a name | 1474 - 1548 |
| General subdivision | Culto |
| Geographic subdivision | México |
| 600 04 - SUBJECT ADDED ENTRY--PERSONAL NAME | |
| Personal name | Juan Diego, |
| Titles and other words associated with a name | Santo, |
| Dates associated with a name | 1474 - 1548 |
| General subdivision | Apariciones y milagros |
| 600 04 - SUBJECT ADDED ENTRY--PERSONAL NAME | |
| Personal name | María (Madre de Jesucristo) |
| General subdivision | Apariciones y milagros |
| Geographic subdivision | México, Guadalupe Hidalgo |
| 600 04 - SUBJECT ADDED ENTRY--PERSONAL NAME | |
| Personal name | María (Madre de Jesucristo) en el Arte |
| 600 04 - SUBJECT ADDED ENTRY--PERSONAL NAME | |
| Personal name | Nuestra Señora de Guadalupe (Pintura) |
| 942 ## - ADDED ENTRY ELEMENTS (KOHA) | |
| Source of classification or shelving scheme | Dewey Decimal Classification |
| Koha item type | Libro |
| Classification part | 704.9482 |
| Item part | J52 |
| Withdrawn status | Lost status | Source of classification or shelving scheme | Damaged status | Not for loan | Collection code | Home library | Current library | Shelving location | Date acquired | Source of acquisition | Total Checkouts | Full call number | Barcode | Date last seen | Price effective from | Koha item type |
|---|---|---|---|---|---|---|---|---|---|---|---|---|---|---|---|---|
| Dewey Decimal Classification | General | Centro de Estudios Guadalupanos | Centro de Estudios Guadalupanos | Sala general | 03/12/2013 | Compra | 704.9482 J52 2002 | 49186 | 23/03/2026 | 03/12/2013 | Folio |